000 02765cam a2200385 i 4500
001 21272
003 IVS
005 20250718122753.0
008 140815s2015 ctua b 001 0 eng
010 _a 2014012687
020 _a9780300154382 (hardback)
040 _aDLC
_beng
_cDLC
_erda
_dDLC
042 _apcc
043 _ae-fr---
050 0 0 _aGT865
_b.C55 2015
082 _a900 CHR
_b21272
084 _aDES005000
_aHIS037050
_aHIS013000
_2bisacsh
100 1 _aChrisman-Campbell, Kimberly.
245 1 0 _aFashion victims :
_bdress at the court of Louis XVI and Marie-Antoinette /
_cKimberly Chrisman-Campbell.
264 1 _aNew Haven :
_bYale University Press,
_c[2015]
300 _axii, 351 pages :
_bcolor illustrations ;
_c29 cm
336 _atext
_2rdacontent
337 _aunmediated
_2rdamedia
338 _avolume
_2rdacarrier
504 _aIncludes bibliographical references (pages 334-342) and index.
520 _a"This engrossing book chronicles one of the most exciting, controversial, and extravagant periods in the history of fashion: the reign of Louis XVI and Marie-Antoinette in 18th-century France. Kimberly Chrisman-Campbell offers a carefully researched glimpse into the turbulent era's sophisticated and largely female-dominated fashion industry, which produced courtly finery as well as promoted a thriving secondhand clothing market outside the royal circle. She discusses in depth the exceptionally imaginative and uninhibited styles of the period immediately before the French Revolution, and also explores fashion's surprising influence on the course of the Revolution itself. The absorbing narrative demonstrates fashion's crucial role as a visible and versatile medium for social commentary, and shows the glittering surface of 18th-century high society as well as its seedy underbelly. Fashion Victims presents a compelling anthology of trends, manners, and personalities from the era, accompanied by gorgeous fashion plates, portraits, and photographs of rare surviving garments. Drawing upon documentary evidence, previously unpublished archival sources, and new information about aristocrats, politicians, and celebrities, this book is an unmatched study of French fashion in the late 18th century, providing astonishing insight, a gripping story, and stylish inspiration"--
_cProvided by publisher.
650 0 _aFashion
_zFrance
_xHistory
_y18th century.
650 7 _aDESIGN
650 7 _aModern / 18th Century.
651 0 _aFrance
_xCourt and courtiers
_xClothing
_xHistory
_y18th century.
651 0 _xClothing.
_xKings and rulers
906 _a7
_bcbc
_corignew
_d1
_eecip
_f20
_gy-gencatlg
942 _2ddc
_cREF
_n0
999 _c14928
_d14928